01617nam a2200349 i 4500003000900000005001700009008004100026017001600067020001800083040004600101041000800147082002600155092000700181099003400188100005400222245009000276264006700366300003000433336002200463337002400485338003300509504010800542546009600650650006900746651001000815856005700825905000700882942001900889999001700908952017100925952017101096EG-GICUC20260121101537.0251224s2014    ua ||||fr||| 0||| ||ara|d  a20141116573  a9789770476209  a EG-GICUCbarac EG-GICUCd EG-GICUCerda0 aara04221a345.5bم ح . ق04221  aLaw1 07	345.5 م ح . ق 20140 aمحمد محمد عبداللطيفeمؤلف.12aالقانون الادارى للاموال /cمحمد محمد عبداللطيف. 1aالقاهرة : bدار النهضة العربية،c2014.  a669 صفحة ; c24 سم.  2rda contentatext  2rda mediaaComputer  2rda carrieraOnline Resource  aيحتوي على ارجاعات ببليوجرافية
يحتوي على قائمة بالمراجع  aالنص أغلبه باللغة العربية مع بعض النصوص الفرنسية14aالأموال عامة xالقانون الاداري2qrmak1 2qrmak40uhttps://fll.law.cu.edu.eg/fulltext/bks/B07-01821.pdf  a75  2ddccBKe21n0  c52492d52492  00102ddc40718القانون الإداريaCUbLAW1d2025-12-24l0oLaw1 07	345.5 م ح . ق 2014 0701821	C1pB07-01821r2025-12-24 15:47:35t1w2025-12-24yBK  00102ddc40708القانون الإداريaCUbLAW1d2025-12-24l0oLaw1 07	345.5 م ح . ق 2014 0701822	C2pB07-01822r2025-12-24 15:48:15t2w2025-12-24yBK